| 000 | 00892nam a2200277 a 4500 | ||
|---|---|---|---|
| 001 | 000045723 | ||
| 003 | DO-SdBNP | ||
| 005 | 20180326141654.0 | ||
| 007 | 000045723 | ||
| 008 | 150507s2014 dr a 000 0 spa d | ||
| 020 | _a9789945175035 | ||
| 040 |
_aBPMET _bspa _cBPMET |
||
| 092 |
_axxxx _bxxxx |
||
| 100 | 1 |
_aHalolal, Farah, _d1975- |
|
| 245 | 1 | 3 |
_aUn adiós para mamá / _cFara Hallal ; ilustraciones de Monserrat Ubach. |
| 260 |
_aSanto Domingo : _bEdiciones SM, _c2014. |
||
| 300 |
_a158 p. : _bil. ; _c19 cm. |
||
| 490 | 1 |
_aEl barco de vapor _v16 |
|
| 500 | _aIncluye datos biográficos de la autora en la solapa de la contracubierta. | ||
| 586 | _aPremio El Barco de Vapor 2014 | ||
| 700 | 1 | 2 |
_aUbach, Monserrat, _eil. |
| 830 | 0 |
_aEl barco de vapor ; _n16 |
|
| 942 |
_2ddc _cBK |
||
| 945 | _aRemanejado para la BNPHU / 2018 VM | ||
| 956 |
_aVMATEO _b10 _c20150515 _lBPMSU _h00151 |
||
| 999 |
_c7878 _d7878 |
||